Shawshank Redemption to The Godfather - Statistics

General Stats
  • This quiz has been taken 42 times
  • The average score is 7 of 14
Answer Stats
Hint Answer % Correct
Movie starring Tim Robbins and Morgan Freeman The Shawshank Redemption
100%
Actor who plays Red Morgan Freeman
91%
His co-star in The Dark Knight Christian Bale
71%
Who the previous played Batman
59%
The movie that features the previous The Godfather
56%
The actor who played him in the 1989 movie Michael Keaton
53%
What younger version of a mob boss did he play? Vito Corleone
50%
He plays the title character in this movie, don't say it three times though Beetlejuice
47%
The man who played the father of Calogero in that movie Robert de Niro
38%
Movie he's in with Kevin Spacey and Benicio del Toro The Usual Suspects
35%
The male-lead of the movie Alec Baldwin
32%
Movie he wrote and starred in A Bronx Tale
26%
His brother Stephen Baldwin
26%
Actor who played Dave Kujan in said movie Chazz Palminteri
12%
No matching quizzes found
Score Distribution
Percent of People with Each Score
Percentile by Number Answered
Your Score History
You have not taken this quiz